[Event "26th Hoogeveen op"]
[Site "Hoogeveen NED"]
[Date "2023.10.21"]
[Round "1.1"]
[White "Labruyere, Roger"]
[Black "Ernst, Sipke"]
[Result "0-1"]
[WhiteElo "2148"]
[BlackElo "2551"]
[EventDate "2023.10.21"]
[PlyCount "92"]

1.d4 Nf6 2.Nf3 d6 3.g3 g6 4.Bg2 Bg7 5.O-O O-O 6.Nc3 d5 7.Ne5 c6 8.Bg5 h6 
9.Bxf6 exf6 10.Nd3 h5 11.e3 Re8 12.Ne2 Nd7 13.b3 f5 14.c4 dxc4 15.bxc4 h4 
16.Rb1 hxg3 17.hxg3 Qc7 18.Qb3 Nf6 19.Ne5 Ne4 20.Bxe4 fxe4 21.f4 exf3 22.
Nxf3 Qe7 23.Kf2 Bg4 24.Neg1 b6 25.Rbe1 Rad8 26.Qc2 Rd6 27.c5 Re6 28.cxb6 
axb6 29.Kg2 Bf5 30.Qb3 Be4 31.Qxb6 Bd5 32.Qc5 Qxc5 33.dxc5 Rxe3 34.Kf2 
Rxe1 35.Rxe1 Ra8 36.Re2 Bf8 37.Rc2 Rxa2 38.Rxa2 Bxc5+ 39.Kf1 Bxa2 40.Ne5 
Bd5 41.Ne2 Bd6 42.Ng4 Bc4 43.Nf6+ Kf8 44.Ne4 Be5 45.Kf2 Bxe2 46.Kxe2 f5 
0-1

[Event "26th Hoogeveen op"]
[Site "Hoogeveen NED"]
[Date "2023.10.21"]
[Round "1.2"]
[White "Lodici, Lorenzo"]
[Black "Kett, Tim"]
[Result "1-0"]
[WhiteElo "2537"]
[BlackElo "2130"]
[EventDate "2023.10.21"]
[PlyCount "107"]

1.e4 e5 2.Nf3 Nc6 3.Bc4 Nf6 4.d3 Be7 5.Nc3 O-O 6.O-O d6 7.a3 Be6 8.Nd5 
Bxd5 9.exd5 Nd4 10.Nxd4 exd4 11.b4 Qd7 12.Re1 Ng4 13.Re4 f5 14.Re6 Bh4 15.
g3 Bf6 16.Bb3 Qf7 17.h3 Ne5 18.f4 Nd7 19.Bd2 Kh8 20.Qf3 Rg8 21.h4 Bd8 22.
Bc1 Bf6 23.Bb2 Nf8 24.Re2 Re8 25.Rae1 Rxe2 26.Qxe2 Qg6 27.Kf2 Qh6 28.Qf3 
Ng6 29.Re6 Nf8 30.Re2 b5 31.a4 a6 32.axb5 axb5 33.Re8 Nd7 34.Qe2 Nf8 35.
Bc1 Qg6 36.Rb8 h6 37.Bd2 Nh7 38.Rxg8+ Kxg8 39.Qe6+ Kf8 40.Qc8+ Kf7 41.
Qxc7+ Be7 42.Qb6 Qg4 43.Qxd4 Nf6 44.Qe3 Qh3 45.Qe6+ Kf8 46.Be1 Ng4+ 47.Ke2
Qg2+ 48.Kd1 Qf3+ 49.Kd2 Bf6 50.Qxd6+ Kf7 51.Qe6+ Kg6 52.d6 Nh2 53.Qe8+ Kh7
54.Bg8+ 1-0

[Event "26th Hoogeveen op"]
[Site "Hoogeveen NED"]
[Date "2023.10.21"]
[Round "1.3"]
[White "Boeren, Jurriaan"]
[Black "Zwirs, Nico"]
[Result "0-1"]
[WhiteElo "2120"]
[BlackElo "2451"]
[EventDate "2023.10.21"]
[PlyCount "120"]

1.e4 c5 2.Nf3 d6 3.d4 cxd4 4.Nxd4 Nf6 5.Nc3 Nc6 6.Bg5 Bd7 7.Qd2 a6 8.O-O-O
e6 9.Kb1 Be7 10.f3 Nxd4 11.Qxd4 Qc7 12.h4 h6 13.Be3 h5 14.Qd2 b5 15.g3 Bc6
16.Bg2 Rd8 17.Qf2 Qb7 18.Rd2 b4 19.Ne2 e5 20.Bg5 O-O 21.Rhd1 d5 22.Bxf6 
Bxf6 23.exd5 Rxd5 24.Rxd5 Bxd5 25.Nc1 Rc8 26.Nb3 Qb5 27.Bh3 Rc7 28.Bf5 g6 
29.Be4 Be6 30.Qf1 Qb6 31.Qg1 Qb5 32.Qf1 Rd7 33.Bd3 Qb6 34.Be2 Rxd1+ 35.
Bxd1 a5 36.Be2 a4 37.Nd2 Qd4 38.Ne4 Bg7 39.Qd1 Qb6 40.Qd6 Qg1+ 41.Qd1 Qb6 
42.Qd6 Qxd6 43.Nxd6 Bf8 44.Nc4 f6 45.Nb6 a3 46.bxa3 bxa3 47.Na4 f5 48.c4 
f4 49.gxf4 exf4 50.Nc3 Be7 51.Bf1 Bxh4 52.c5 Kf7 53.c6 Ke7 54.Bd3 Bf6 55.
Ne4 h4 56.Kc2 h3 57.Nf2 Bd4 58.Nh1 g5 59.Ba6 Kd6 60.Kd3 Bb6 0-1

[Event "26th Hoogeveen op"]
[Site "Hoogeveen NED"]
[Date "2023.10.21"]
[Round "1.4"]
[White "Maatman, Nick"]
[Black "Arnold, Rhys"]
[Result "1-0"]
[WhiteElo "2382"]
[BlackElo "2087"]
[EventDate "2023.10.21"]
[PlyCount "131"]

1.Nf3 d5 2.e3 Nf6 3.c4 e6 4.Nc3 Be7 5.b3 c5 6.cxd5 exd5 7.Bb5+ Nc6 8.O-O 
O-O 9.Bb2 Bg4 10.Bxc6 bxc6 11.Ne2 Bxf3 12.gxf3 Qd7 13.Kg2 Rab8 14.Rg1 c4 
15.Be5 Rb5 16.Nd4 Ra5 17.Qc2 Bd8 18.Qc3 Nh5 19.bxc4 dxc4 20.Bg3 Rd5 21.
Qxc4 Bf6 22.Nxc6 Nxg3 23.hxg3 Rxd2 24.Rac1 Re8 25.Rge1 h6 26.Re2 Rxe2 27.
Qxe2 Bd8 28.Nxd8 Rxd8 29.Qc4 Qd6 30.Qc7 a6 31.Qxd6 Rxd6 32.Rc8+ Kh7 33.Ra8
Rc6 34.Ra7 Kg6 35.a4 Kf6 36.a5 Ke6 37.f4 g6 38.Kf3 f5 39.g4 fxg4+ 40.Kxg4 
Kd5 41.Rh7 h5+ 42.Kg5 Ke4 43.Re7+ Kf3 44.e4 h4 45.Rh7 Kxe4 46.Rxh4 Kf3 47.
f5 gxf5 48.Rf4+ Ke2 49.Rxf5 Rd6 50.f4 Ke3 51.Re5+ Kd4 52.Kf5 Rh6 53.Re4+ 
Kd3 54.Re6 Rh5+ 55.Kg6 Rxa5 56.f5 Ra1 57.f6 Kc4 58.Re4+ Kb3 59.Re5 Rg1+ 
60.Rg5 Rf1 61.Ra5 Rg1+ 62.Kf7 Kc4 63.Rxa6 Kd5 64.Kf8 Ke5 65.f7 Rf1 66.Ke8 
1-0

[Event "26th Hoogeveen op"]
[Site "Hoogeveen NED"]
[Date "2023.10.21"]
[Round "1.5"]
[White "Duchene, Rene"]
[Black "Schoorl, Rob"]
[Result "0-1"]
[WhiteElo "2065"]
[BlackElo "2357"]
[EventDate "2023.10.21"]
[PlyCount "64"]

1.d4 g6 2.e4 Bg7 3.Nc3 c6 4.Be2 d6 5.Nf3 Nf6 6.a4 O-O 7.O-O d5 8.e5 Ne4 9.
Nxe4 dxe4 10.Ng5 c5 11.dxc5 Qc7 12.Nxe4 Qxe5 13.Bf3 Na6 14.Re1 Qc7 15.Qe2 
e5 16.Ra3 f5 17.Qc4+ Kh8 18.Nd6 e4 19.Bd1 Nxc5 20.Nxc8 Raxc8 21.f3 Qd6 22.
Qb4 a5 23.Qd2 Qxd2 24.Bxd2 Bxb2 25.Ra2 Bd4+ 26.Kh1 b6 27.c3 Nd3 28.cxd4 
Nxe1 29.fxe4 fxe4 30.h3 Rf1+ 31.Kh2 Rf2 32.d5 e3 0-1

[Event "26th Hoogeveen op"]
[Site "Hoogeveen NED"]
[Date "2023.10.21"]
[Round "1.6"]
[White "Paltrinieri, Nicholas"]
[Black "Boer, Alef"]
[Result "1-0"]
[WhiteElo "2344"]
[BlackElo "2058"]
[EventDate "2023.10.21"]
[PlyCount "139"]

1.b3 d5 2.Bb2 Bf5 3.e3 e6 4.f4 Nf6 5.Nf3 Nbd7 6.g3 Be7 7.Bg2 c5 8.d3 O-O 
9.O-O h6 10.Nbd2 Rc8 11.Qe2 Bh7 12.Rad1 b5 13.c4 a6 14.e4 Nb6 15.Ne5 d4 
16.Rc1 b4 17.Ra1 a5 18.a3 Qc7 19.h4 Nfd7 20.Nxd7 Nxd7 21.axb4 axb4 22.e5 
Nb8 23.Ra4 Nc6 24.Rfa1 Rb8 25.Qf3 Rb6 26.h5 Kh8 27.Bc1 Qb7 28.Nf1 Rc8 29.
Nh2 Bf8 30.Ng4 Bf5 31.Nf2 Bh7 32.Bd2 Bf5 33.Kf1 Bh7 34.Ke2 Rb8 35.Kd1 Bf5 
36.Kc2 Bh7 37.g4 Qc8 38.Qh3 Be7 39.Qh1 Bf8 40.Bf3 Be7 41.Qg2 Bf8 42.Ne4 
Be7 43.Be1 Qd8 44.Bd2 Rc8 45.Qh1 Qf8 46.Be1 f6 47.exf6 gxf6 48.Ng3 Bd6 49.
Bd2 Ne7 50.Qe1 Bg8 51.Ra7 Bb8 52.Ra8 f5 53.g5 Qg7 54.g6 Qf6 55.Nf1 Nc6 56.
Nh2 Kg7 57.Bxc6 Rbxc6 58.Nf3 Bd6 59.R1a7+ R8c7 60.Qa1 Qe7 61.Qa4 Rxa7 62.
Rxa7 Rc7 63.Ra8 Qd7 64.Ne5 Qxa4 65.bxa4 Rb7 66.Kb3 Bb8 67.a5 Bc7 68.a6 Rb8
69.Rxb8 Bxb8 70.Nc6 1-0

[Event "26th Hoogeveen op"]
[Site "Hoogeveen NED"]
[Date "2023.10.21"]
[Round "1.7"]
[White "Kiran, Manisha Mohanty"]
[Black "De Boer, Eelke"]
[Result "0-1"]
[WhiteElo "2034"]
[BlackElo "2327"]
[EventDate "2023.10.21"]
[PlyCount "64"]

1.e4 c5 2.Nf3 d6 3.d4 cxd4 4.Nxd4 Nf6 5.Nc3 a6 6.Bg5 Nbd7 7.Qe2 h6 8.Bh4 
g6 9.f4 e5 10.Nf3 Qc7 11.O-O-O b5 12.Nd5 Nxd5 13.exd5 Bg7 14.Kb1 O-O 15.
fxe5 dxe5 16.d6 Qc5 17.Be7 Re8 18.Nd2 Bb7 19.Nb3 Qb6 20.Qg4 f5 21.Qb4 Rac8
22.Na5 Be4 23.Bd3 Bxg2 24.Rhg1 Qf2 25.Bh4 Qf3 26.Qb3+ Kh7 27.Qf7 e4 28.
Qxd7 exd3 29.Rxd3 Qe2 30.Rc3 Qe5 31.a3 Rxc3 32.Rxg2 Rc7 0-1

[Event "26th Hoogeveen op"]
[Site "Hoogeveen NED"]
[Date "2023.10.21"]
[Round "1.8"]
[White "Van Dael, Siem"]
[Black "Hoffman, Ron"]
[Result "1-0"]
[WhiteElo "2321"]
[BlackElo "2032"]
[EventDate "2023.10.21"]
[PlyCount "139"]

1.e4 c6 2.d4 d5 3.e5 c5 4.dxc5 e6 5.a3 Bxc5 6.b4 Be7 7.Qg4 g6 8.Bd3 a5 9.
b5 Nd7 10.Nf3 Qc7 11.Bb2 h5 12.Qf4 Nh6 13.Nbd2 Nc5 14.Be2 b6 15.O-O Bb7 
16.c4 Nf5 17.h4 Nxh4 18.Nxh4 g5 19.Qe3 gxh4 20.Rac1 O-O-O 21.Bf3 Rhg8 22.
cxd5 Bg5 23.Qe2 Bxd2 24.Qxd2 Bxd5 25.Qe3 Bxf3 26.Qxf3 Qb7 27.Rc3 Rd3 28.
Qxb7+ Kxb7 29.Rc4 Rg4 30.Rfc1 Rd2 31.R1c2 Rxc2 32.Rxc2 Re4 33.Rd2 Kc7 34.
f3 Re3 35.Kh2 Rd3 36.Rxd3 Nxd3 37.Bd4 Nf4 38.Be3 Ng6 39.f4 Ne7 40.a4 Nd5 
41.Bd2 Nb4 42.Kh3 Nd3 43.Kxh4 Nc5 44.Kxh5 Nxa4 45.Kh6 Kd7 46.Kg7 Ke8 47.g4
Nc5 48.Be3 Nd7 49.Bd4 a4 50.f5 exf5 51.gxf5 a3 52.e6 fxe6 53.f6 a2 54.f7+ 
Ke7 55.Be5 Nf8 56.Bf6+ Kd6 57.Kxf8 e5 58.Kg8 a1=Q 59.f8=Q+ Kd5 60.Qd8+ Kc5
61.Be7+ Kc4 62.Qxb6 Qa8+ 63.Kg7 Qg2+ 64.Kf8 Qf3+ 65.Bf6 Qa8+ 66.Ke7 Qa3+ 
67.Kf7 Qh3 68.Qc6+ Kb4 69.Be7+ Kb3 70.Qe6+ 1-0

[Event "26th Hoogeveen op"]
[Site "Hoogeveen NED"]
[Date "2023.10.21"]
[Round "1.9"]
[White "Van Helvoort, Rob"]
[Black "De Winter, Arthur"]
[Result "1/2-1/2"]
[WhiteElo "2105"]
[BlackElo "2397"]
[EventDate "2023.10.21"]
[PlyCount "89"]

1.e4 c5 2.c3 d5 3.exd5 Nf6 4.Nf3 Nxd5 5.d4 cxd4 6.cxd4 g6 7.Nc3 Bg7 8.Bc4 
Nb6 9.Bb3 O-O 10.O-O Nc6 11.d5 Na5 12.Re1 Re8 13.Bg5 h6 14.Be3 Bg4 15.h3 
Bxf3 16.Qxf3 Nd7 17.Qe2 Rc8 18.Rec1 Nc5 19.Bd1 e6 20.d6 b6 21.b4 Ncb7 22.
bxa5 Bxc3 23.Ba4 Nxd6 24.Bxe8 Bxa1 25.Bxf7+ Nxf7 26.Rxa1 bxa5 27.Qa6 Qd7 
28.Qxa5 Rc7 29.a4 Kh7 30.Qb4 a6 31.Qb2 Qd5 32.a5 Rb7 33.Qe2 Qe5 34.Qa2 Rb5
35.Qa4 Qf5 36.Bb6 Ne5 37.Rc1 g5 38.Qc2 Nd3 39.Rd1 Rd5 40.Rd2 Kg6 41.Qc8 
Nf4 42.Qg8+ Kf6 43.Qf8+ Kg6 44.Qg8+ Kf6 45.Qf8+ 1/2-1/2

[Event "26th Hoogeveen op"]
[Site "Hoogeveen NED"]
[Date "2023.10.21"]
[Round "1.10"]
[White "Van Rootselaar, Rik"]
[Black "Elgersma, Onno"]
[Result "1-0"]
[WhiteElo "2015"]
[BlackElo "2266"]
[EventDate "2023.10.21"]
[PlyCount "135"]

1.d4 d5 2.c4 e6 3.Nf3 Nf6 4.g3 Bb4+ 5.Nbd2 O-O 6.Bg2 b6 7.O-O Bb7 8.a3 Be7
9.cxd5 exd5 10.b4 Nbd7 11.Ne5 a5 12.b5 Nxe5 13.dxe5 Nd7 14.Nf3 a4 15.h4 h6
16.Bh3 Bc5 17.e6 Qf6 18.Bg5 hxg5 19.hxg5 Qg6 20.exd7 f5 21.Qd2 Qd6 22.Qf4 
Qxd7 23.g6 Qd6 24.Qg5 Rf6 25.Nh4 Bc8 26.e3 Be6 27.Nxf5 Bxf5 28.Bxf5 Qe5 
29.g4 Kf8 30.Kg2 Ke7 31.Rh1 Rg8 32.Qf4 Qxf4 33.exf4 Kd6 34.Kf3 c6 35.Bd3 
Bd4 36.Rad1 c5 37.f5 Rff8 38.Rhe1 Re8 39.g5 Rh8 40.Rxe8 Rxe8 41.Rd2 Bc3 
42.Re2 Rxe2 43.Kxe2 Ke7 44.Bc2 Kf8 45.Bxa4 Bb2 46.Bb3 Bxa3 47.Bxd5 Bc1 48.
f6 Bxg5 49.f7 Bh4 50.Ke3 Bf6 51.Bc4 Bd4+ 52.Ke2 Bc3 53.Kd3 Bd4 54.f4 Bf6 
55.Ke4 Bc3 56.Kd5 Bd2 57.f5 Bg5 58.Kc6 Bd8 59.Kb7 Ke7 60.f6+ Kf8 61.fxg7+ 
Kxg7 62.Kc8 Be7 63.Kc7 Kxg6 64.Kxb6 Kg7 65.Kc7 Bg5 66.b6 Bf4+ 67.Kc8 Kf8 
68.b7 1-0

[Event "26th Hoogeveen op"]
[Site "Hoogeveen NED"]
[Date "2023.10.21"]
[Round "1.11"]
[White "Van Foreest, Machteld"]
[Black "Fehr, Axel"]
[Result "1-0"]
[WhiteElo "2266"]
[BlackElo "2011"]
[EventDate "2023.10.21"]
[PlyCount "53"]

1.e4 c5 2.Nf3 d6 3.d4 cxd4 4.Nxd4 Nf6 5.Nc3 a6 6.g3 g6 7.Bg2 Bg7 8.O-O O-O
9.h3 Qb6 10.Nb3 Be6 11.Be3 Qc7 12.Re1 Nc6 13.Nd4 Nxd4 14.Bxd4 Rac8 15.e5 
dxe5 16.Bxe5 Qb6 17.Bd4 Qc7 18.Qf3 b5 19.a3 Rfd8 20.Rad1 Rd7 21.Qe3 Ne8 
22.Bb6 Qc4 23.Rxd7 Bxd7 24.Bd5 Bxc3 25.Bxc4 Bxe1 26.Bb3 Rc6 27.Qxe7 1-0

[Event "26th Hoogeveen op"]
[Site "Hoogeveen NED"]
[Date "2023.10.21"]
[Round "1.12"]
[White "Maris, Ivo"]
[Black "Vogel, Jaap"]
[Result "1-0"]
[WhiteElo "2404"]
[BlackElo "2106"]
[EventDate "2023.10.21"]
[PlyCount "79"]

1.c4 e6 2.Nf3 d5 3.e3 c6 4.b3 Nf6 5.Bb2 Be7 6.Nc3 O-O 7.Qc2 Nbd7 8.d4 b6 
9.Bd3 Bb7 10.O-O c5 11.cxd5 exd5 12.dxc5 bxc5 13.e4 dxe4 14.Nxe4 Nxe4 15.
Bxe4 Bxe4 16.Qxe4 Bf6 17.Rab1 Qa5 18.Rfd1 Bxb2 19.Rxd7 Rae8 20.Qc2 Bf6 21.
Rd5 Rc8 22.g3 Rfd8 23.Rbd1 Rxd5 24.Rxd5 Qb4 25.Qf5 Re8 26.Rxc5 h6 27.Rc8 
Rxc8 28.Qxc8+ Kh7 29.Qd7 Qa3 30.Qf5+ Kg8 31.Qc8+ Kh7 32.Qc2+ Kg8 33.Nd2 
Qa5 34.Ne4 Be7 35.Kg2 f5 36.Qc4+ Kf8 37.Nc3 Qe5 38.Nd5 Bd6 39.h4 Kg8 40.
Nf6+ 1-0

[Event "26th Hoogeveen op"]
[Site "Hoogeveen NED"]
[Date "2023.10.21"]
[Round "1.13"]
[White "Boersma, Jan"]
[Black "Van Kooten, Luuk"]
[Result "1/2-1/2"]
[WhiteElo "1997"]
[BlackElo "2255"]
[EventDate "2023.10.21"]
[PlyCount "40"]

1.e4 c5 2.Nc3 Nc6 3.Bb5 g6 4.Bxc6 dxc6 5.d3 Bg7 6.Be3 b6 7.Qd2 e5 8.f4 Nf6
9.Nf3 Ng4 10.Nxe5 Nxe5 11.fxe5 Bxe5 12.O-O Qd6 13.Bf4 Be6 14.Bxe5 Qxe5 15.
Qf4 Qxf4 16.Rxf4 Rd8 17.e5 Ke7 18.Re1 Rd4 19.Rf2 Rhd8 20.b3 Bf5 1/2-1/2

[Event "26th Hoogeveen op"]
[Site "Hoogeveen NED"]
[Date "2023.10.21"]
[Round "1.14"]
[White "Mueer, Sebastian"]
[Black "Swati, Ghate"]
[Result "0-1"]
[WhiteElo "2230"]
[BlackElo "1995"]
[EventDate "2023.10.21"]
[PlyCount "154"]

1.Nf3 Nf6 2.d4 e6 3.c4 d5 4.Nc3 Bb4 5.Qa4+ Nc6 6.e3 O-O 7.Qc2 Re8 8.Bd2 
Bf8 9.Be2 a6 10.O-O Nb4 11.Qb1 dxc4 12.Bxc4 b5 13.Be2 c5 14.a3 Nc6 15.dxc5
Bxc5 16.Rc1 Bb6 17.Nxb5 Bb7 18.Nc3 e5 19.Be1 Nd4 20.exd4 exd4 21.Rd1 Qd6 
22.Qf5 g6 23.Qg5 Rac8 24.Qh4 Bxf3 25.Bxf3 Rxe1+ 26.Rxe1 dxc3 27.Rad1 Qc5 
28.b4 Qf5 29.Rc1 g5 30.Be4 Nxe4 31.Qxe4 Bxf2+ 32.Kh1 Qf4 33.g3 Qd2 34.Red1
Qe3 35.Qxe3 Bxe3 36.Rc2 Rc6 37.Rd5 Kf8 38.Rc5 Bxc5 39.Rxc3 Ke7 40.bxc5 Ke6
41.Re3+ Kd7 42.Re5 f6 43.Rf5 Ke6 44.g4 h5 45.h3 Rc7 46.Kg2 Rb7 47.Rf3 Rb2+
48.Kf1 hxg4 49.hxg4 Rc2 50.Rb3 Rxc5 51.Kf2 a5 52.Kg3 a4 53.Re3+ Re5 54.Rd3
Rb5 55.Re3+ Kd5 56.Rd3+ Kc5 57.Rc3+ Kd4 58.Rc6 Rb3+ 59.Kg2 Ke5 60.Rc5+ Kd6
61.Rf5 Ke6 62.Ra5 Rxa3 63.Kf2 Ra2+ 64.Ke3 a3 65.Ra6+ Kd5 66.Rxf6 Rb2 67.
Kd3 Rb3+ 68.Kc2 Re3 69.Rf5+ Re5 70.Rf3 Re2+ 71.Kb1 a2+ 72.Ka1 Kd4 73.Rf5 
Re5 74.Rf8 Re4 75.Kxa2 Rxg4 76.Kb2 Rf4 77.Re8 Re4 0-1

[Event "26th Hoogeveen op"]
[Site "Hoogeveen NED"]
[Date "2023.10.21"]
[Round "1.15"]
[White "Kazarjan, Gachatur"]
[Black "Krishnan, Ritvik"]
[Result "0-1"]
[WhiteElo "1970"]
[BlackElo "2176"]
[EventDate "2023.10.21"]
[PlyCount "58"]

1.e4 c5 2.Nf3 d6 3.d4 cxd4 4.Nxd4 Nf6 5.Nc3 Nc6 6.Bg5 e6 7.Qd2 a6 8.f3 Be7
9.O-O-O O-O 10.h4 Nxd4 11.Qxd4 b5 12.e5 dxe5 13.Qxe5 Qb6 14.Bd3 Bb7 15.h5 
h6 16.Be3 Qc6 17.Ne4 Nxe4 18.Bxe4 Qc8 19.Bd3 Bf6 20.Qg3 Kh8 21.Qf2 Bd5 22.
a3 Qc6 23.Bd4 e5 24.Bc3 a5 25.Rde1 b4 26.axb4 axb4 27.Bxb4 Bg5+ 28.Kd1 
Rfd8 29.Qc5 Bxf3+ 0-1

[Event "26th Hoogeveen op"]
[Site "Hoogeveen NED"]
[Date "2023.10.21"]
[Round "1.16"]
[White "Mellema, Andries"]
[Black "Nijdam, Brian"]
[Result "1/2-1/2"]
[WhiteElo "2160"]
[BlackElo "1918"]
[EventDate "2023.10.21"]
[PlyCount "52"]

1.e4 c5 2.Nf3 d6 3.Nc3 Nf6 4.d4 cxd4 5.Nxd4 g6 6.Be3 Bg7 7.f3 a6 8.Qd2 h5 
9.O-O-O Nbd7 10.Kb1 b5 11.a3 Bb7 12.h3 h4 13.Bd3 Rc8 14.Rhe1 Ne5 15.f4 
Nxd3 16.cxd3 Nd7 17.Rc1 Nc5 18.Rc2 e5 19.Nf3 Nb3 20.Qf2 exf4 21.Bb6 Qd7 
22.d4 a5 23.Qe2 b4 24.Nd5 O-O 25.Qd3 Bxd5 26.exd5 Qb7 1/2-1/2

[Event "26th Hoogeveen op"]
[Site "Hoogeveen NED"]
[Date "2023.10.21"]
[Round "1.17"]
[White "Margadgua, Erdenebayar"]
[Black "Goudriaan, Rafael"]
[Result "1-0"]
[WhiteElo "1848"]
[BlackElo "2153"]
[EventDate "2023.10.21"]
[PlyCount "89"]

1.e4 c6 2.d4 d5 3.exd5 cxd5 4.Bd3 Nc6 5.c3 Nf6 6.Bf4 Bg4 7.Qb3 Qd7 8.Nd2 
e6 9.Ngf3 Bd6 10.Bxd6 Qxd6 11.O-O O-O 12.Rfe1 a6 13.h3 Bxf3 14.Nxf3 b5 15.
a3 Rab8 16.a4 b4 17.Qc2 bxc3 18.bxc3 Rfc8 19.Qe2 Na5 20.Bxa6 Rxc3 21.Rab1 
Ra8 22.Bb5 Qc7 23.Ne5 Nb7 24.Qb2 Rc2 25.Qb3 Nd6 26.Bd3 Rc3 27.Qb4 Nfe4 28.
Bxe4 Nxe4 29.Qb7 Qxb7 30.Rxb7 f6 31.Nd7 Rc6 32.f3 Nd6 33.Rb8+ Rxb8 34.Nxb8
Rc4 35.Rxe6 Nf5 36.a5 Nxd4 37.Rb6 Ra4 38.a6 h5 39.h4 Ra5 40.Rb7 Nb5 41.Nc6
Ra1+ 42.Kh2 Rxa6 43.Ne7+ Kf7 44.Nxd5+ Ke6 45.Rxb5 1-0

[Event "26th Hoogeveen op"]
[Site "Hoogeveen NED"]
[Date "2023.10.22"]
[Round "2.1"]
[White "Ernst, Sipke"]
[Black "Van Foreest, Machteld"]
[Result "1/2-1/2"]
[WhiteElo "2551"]
[BlackElo "2266"]
[EventDate "2023.10.21"]
[PlyCount "116"]

1.Nf3 Nf6 2.g3 e6 3.Bg2 d5 4.O-O c5 5.c4 d4 6.e3 Nc6 7.exd4 cxd4 8.d3 Bd6 
9.Na3 O-O 10.Nc2 e5 11.Bg5 Re8 12.Nd2 h6 13.Bxf6 Qxf6 14.Ne4 Qg6 15.Nxd6 
Qxd6 16.Qh5 Be6 17.Rae1 Qd7 18.Qd1 Bf5 19.Qd2 a5 20.b3 Qd6 21.h3 Qg6 22.
Rd1 h5 23.Rfe1 Rad8 24.Qe2 Nb8 25.a3 Nd7 26.b4 b6 27.Kh2 Nf6 28.bxa5 bxa5 
29.Qd2 Nd7 30.Qxa5 Bxd3 31.Nb4 Bxc4 32.Nc6 Rc8 33.Nxe5 Nxe5 34.Rxe5 Rxe5 
35.Qxe5 d3 36.Be4 Qb6 37.Kg1 g6 38.Qf4 Qb3 39.Rc1 Ba6 40.Rxc8+ Bxc8 41.Qd6
Bf5 42.Bxf5 gxf5 43.Qd8+ Kh7 44.Qg5 Qd5 45.Qxh5+ Kg8 46.Qg5+ Kf8 47.Qh6+ 
Ke8 48.Qd2 Qe4 49.f4 Qf3 50.Qe1+ Kf8 51.a4 Qc6 52.Qb4+ Kg8 53.Qb8+ Kh7 54.
Qd8 Qc5+ 55.Kg2 Qc2+ 56.Kg1 Qc1+ 57.Kg2 Qb2+ 58.Kf1 Qe2+ 1/2-1/2

[Event "26th Hoogeveen op"]
[Site "Hoogeveen NED"]
[Date "2023.10.22"]
[Round "2.2"]
[White "De Boer, Eelke"]
[Black "Lodici, Lorenzo"]
[Result "1/2-1/2"]
[WhiteElo "2327"]
[BlackElo "2537"]
[EventDate "2023.10.21"]
[PlyCount "94"]

1.e4 c5 2.Nf3 e6 3.d4 cxd4 4.Nxd4 Nc6 5.Nc3 d6 6.Be3 Nf6 7.Be2 Be7 8.O-O 
a6 9.f4 Nxd4 10.Bxd4 O-O 11.a4 b6 12.Qe1 Bb7 13.Qg3 Re8 14.Rad1 Qc7 15.Kh1
Rad8 16.Qf2 Nd7 17.f5 Bf6 18.Bh5 Re7 19.Rd3 Bxd4 20.Qxd4 Nf6 21.Bf3 Red7 
22.Rfd1 Qc5 23.Qg1 h6 24.Qe1 exf5 25.exf5 Qxf5 26.Bxb7 Rxb7 27.h3 d5 28.
Qh4 Rbd7 29.Ne2 Qe4 30.Qf2 Qxa4 31.Qxb6 Qxc2 32.Nd4 Qc8 33.Nf5 Qb7 34.Qd4 
Qc6 35.Rg3 g6 36.Nxh6+ Kh7 37.Nf5 Nh5 38.Rg5 f6 39.Rxg6 Kxg6 40.Qg4+ Kh7 
41.Qxh5+ Kg8 42.Qg6+ Kh8 43.Rd4 Qc1+ 44.Kh2 Qc7+ 45.Kh1 Qc1+ 46.Kh2 Qc7+ 
47.Kh1 Qc1+ 1/2-1/2

[Event "26th Hoogeveen op"]
[Site "Hoogeveen NED"]
[Date "2023.10.22"]
[Round "2.3"]
[White "Zwirs, Nico"]
[Black "Van Rootselaar, Rik"]
[Result "1-0"]
[WhiteElo "2451"]
[BlackElo "2015"]
[EventDate "2023.10.21"]
[PlyCount "85"]

1.e4 c5 2.Nf3 Nc6 3.d4 cxd4 4.Nxd4 Nf6 5.Nc3 e5 6.Ndb5 d6 7.Bg5 a6 8.Na3 
b5 9.Bxf6 gxf6 10.Nd5 Bg7 11.c3 f5 12.exf5 Bxf5 13.Nc2 Be6 14.Nce3 O-O 15.
Bd3 Ne7 16.Nxe7+ Qxe7 17.Qh5 h6 18.O-O d5 19.Bf5 Rfd8 20.Bxe6 Qxe6 21.Nf5 
Kh7 22.Rfe1 e4 23.Rad1 Qg6 24.Qh3 Be5 25.g3 Bf6 26.Re2 Ra7 27.Rf1 Rb7 28.
f3 exf3 29.Rxf3 b4 30.Nxh6 Qxh6 31.Qxh6+ Kxh6 32.Rxf6+ Kg7 33.Rxa6 bxc3 
34.bxc3 Rb1+ 35.Kg2 Rc1 36.Ra3 Rc8 37.Ra5 Rd1 38.Ra7 Rxc3 39.Rf2 d4 40.
Raxf7+ Kg8 41.Rd7 d3 42.Kh3 Rc8 43.a4 1-0

[Event "26th Hoogeveen op"]
[Site "Hoogeveen NED"]
[Date "2023.10.22"]
[Round "2.4"]
[White "Swati, Ghate"]
[Black "Maatman, Nick"]
[Result "1/2-1/2"]
[WhiteElo "1995"]
[BlackElo "2382"]
[EventDate "2023.10.21"]
[PlyCount "87"]

1.e4 e5 2.Nf3 Nc6 3.Bc4 Nf6 4.d3 Bc5 5.O-O a6 6.c3 d6 7.a4 O-O 8.Be3 Bxe3 
9.fxe3 Ne7 10.Nbd2 c6 11.Bb3 Ng6 12.h3 d5 13.a5 dxe4 14.Nxe4 Nxe4 15.dxe4 
Qe7 16.Ra4 Be6 17.Bxe6 Qxe6 18.Rb4 Rad8 19.Qb3 Qxb3 20.Rxb3 Rd7 21.Ra1 f6 
22.Kf2 Ne7 23.Ke2 Rfd8 24.c4 c5 25.Rc3 Nc6 26.Rc2 Nb4 27.Rd2 Kf7 28.Rxd7+ 
Rxd7 29.Nd2 Rd3 30.Ra4 Rd6 31.Ra3 Ke7 32.Nb1 Nc6 33.Nc3 Rd8 34.Ra1 Rb8 35.
Nd5+ Ke6 36.Kd3 g6 37.g4 Rf8 38.Kc3 f5 39.Rf1 Nxa5 40.gxf5+ gxf5 41.exf5+ 
Rxf5 42.Nc7+ Kf6 43.Nd5+ Ke6 44.Nc7+ 1/2-1/2

[Event "26th Hoogeveen op"]
[Site "Hoogeveen NED"]
[Date "2023.10.22"]
[Round "2.5"]
[White "Schoorl, Rob"]
[Black "Margadgua, Erdenebayar"]
[Result "1-0"]
[WhiteElo "2357"]
[BlackElo "1848"]
[EventDate "2023.10.21"]
[PlyCount "135"]

1.Nf3 c5 2.g3 Nc6 3.Bg2 g6 4.c4 Bg7 5.Nc3 d6 6.O-O Bf5 7.h3 e5 8.d3 Nge7 
9.a3 O-O 10.Rb1 Qd7 11.Kh2 Rac8 12.b4 cxb4 13.axb4 h6 14.e4 Be6 15.b5 Na5 
16.Nd5 Bxd5 17.cxd5 f5 18.Bd2 fxe4 19.dxe4 Nc4 20.h4 Qg4 21.Bb4 Qxe4 22.
Nd2 Qd4 23.Nxc4 Rxc4 24.Bxd6 Kf7 25.Qf3+ Ke8 26.Qa3 Rc3 27.Qa5 Rc2 28.Rbd1
Qb6 29.Qxb6 axb6 30.Kg1 Rf7 31.Bxe7 Rxe7 32.d6 Rd7 33.Be4 Rc5 34.Bxg6+ Kf8
35.f4 exf4 36.Rxf4+ Kg8 37.Re1 Be5 38.Rfe4 Bxd6 39.Rd1 Rcc7 40.Kg2 Bc5 41.
Rf1 Re7 42.Rg4 Re2+ 43.Kh3 Rf2 44.Re1 Re7 45.Rxe7 Bxe7 46.Be4+ Kf8 47.Bd5 
Ke8 48.Bxb7 Rf5 49.Rg6 Rf6 50.Rg8+ Kd7 51.Kg4 Bf8 52.Kh5 Ke7 53.g4 Rd6 54.
Rg6 Rf6 55.g5 hxg5 56.Kxg5 Re6 57.Kf5 Rxg6 58.Kxg6 Ke6 59.Bc8+ Kd5 60.h5 
Bc5 61.h6 Bd4 62.Kf7 Kc5 63.Bd7 Kd6 64.Bc6 Kc7 65.h7 Kb8 66.Kg8 Ka7 67.
h8=Q Bxh8 68.Kxh8 1-0

[Event "26th Hoogeveen op"]
[Site "Hoogeveen NED"]
[Date "2023.10.22"]
[Round "2.6"]
[White "Zecha, Oscar"]
[Black "Paltrinieri, Nicholas"]
[Result "0-1"]
[WhiteElo "1838"]
[BlackElo "2344"]
[EventDate "2023.10.21"]
[PlyCount "58"]

1.d4 g6 2.e4 Bg7 3.Nc3 d6 4.Be3 Nd7 5.Qd2 c6 6.Nf3 b5 7.d5 b4 8.dxc6 bxc3 
9.cxd7+ Bxd7 10.bxc3 Qc7 11.Bd4 e5 12.Be3 Nf6 13.Bd3 d5 14.Bg5 Nxe4 15.
Bxe4 dxe4 16.Ng1 h6 17.Bh4 g5 18.Bg3 Rd8 19.h4 g4 20.h5 Bb5 21.Qe3 O-O 22.
Rb1 Ba6 23.Ne2 Bxe2 24.Qxe2 Qxc3+ 25.Kf1 f5 26.Kg1 Rd2 27.Qa6 f4 28.Bh4 g3
29.Rh3 Rxf2 0-1

[Event "26th Hoogeveen op"]
[Site "Hoogeveen NED"]
[Date "2023.10.22"]
[Round "2.7"]
[White "De Winter, Arthur"]
[Black "Boersma, Jan"]
[Result "1-0"]
[WhiteElo "2397"]
[BlackElo "1997"]
[EventDate "2023.10.21"]
[PlyCount "38"]

1.e4 c5 2.Nf3 g6 3.c3 d5 4.e5 a6 5.d4 cxd4 6.cxd4 Nc6 7.h3 Bg7 8.Nc3 f6 9.
Bf4 Nh6 10.exf6 exf6 11.Bd3 O-O 12.O-O Nf7 13.Qb3 g5 14.Bh2 g4 15.hxg4 
Bxg4 16.Qxb7 Bxf3 17.Qxc6 Rc8 18.Qe6 Bh5 19.Qxd5 Bg6 1-0

[Event "26th Hoogeveen op"]
[Site "Hoogeveen NED"]
[Date "2023.10.22"]
[Round "2.8"]
[White "Fehr, Axel"]
[Black "Mellema, Andries"]
[Result "0-1"]
[WhiteElo "2011"]
[BlackElo "2160"]
[EventDate "2023.10.21"]
[PlyCount "124"]

1.c4 e5 2.g3 Nf6 3.Bg2 d5 4.cxd5 Nxd5 5.Nc3 Nb6 6.Nf3 Nc6 7.O-O Be7 8.d3 
Be6 9.a3 O-O 10.Be3 f5 11.b4 Bf6 12.Rc1 a6 13.Na4 Nxa4 14.Qxa4 Nd4 15.Nxd4
exd4 16.Bf4 c6 17.Qc2 Re8 18.Rfe1 Qd7 19.Qc5 Be7 20.Qb6 Bd8 21.Qc5 a5 22.
Be5 axb4 23.axb4 Be7 24.Qxd4 Qxd4 25.Bxd4 Bxb4 26.Bc3 Bxc3 27.Rxc3 Ra2 28.
Rc5 Rea8 29.Re5 Kf7 30.f4 Rb2 31.Rc1 Raa2 32.Kf2 Kf6 33.Rcc5 Bd7 34.Bf3 b6
35.Rc1 Rc2 36.Rxc2 Rxc2 37.d4 Rd2 38.Ke3 Rd1 39.h3 h6 40.g4 g6 41.gxf5 
gxf5 42.h4 Ra1 43.Kd2 Ra4 44.Kc3 Be6 45.e3 Bd7 46.Kb3 Ra8 47.d5 c5 48.d6 
Rd8 49.Bd5 Bc8 50.e4 fxe4 51.Rh5 Kg6 52.Re5 Kf6 53.Rh5 Kg7 54.Bxe4 Rxd6 
55.Re5 Be6+ 56.Ka4 Bd7+ 57.Kb3 Rd4 58.h5 Kf6 59.Kc3 Be6 60.Bg6 Rxf4 61.Re1
b5 62.Ra1 b4+ 0-1

[Event "26th Hoogeveen op"]
[Site "Hoogeveen NED"]
[Date "2023.10.22"]
[Round "2.9"]
[White "Van Kooten, Luuk"]
[Black "Van Helvoort, Rob"]
[Result "1/2-1/2"]
[WhiteElo "2255"]
[BlackElo "2105"]
[EventDate "2023.10.21"]
[PlyCount "58"]

1.d4 e6 2.c4 f5 3.g3 Nf6 4.Bg2 Be7 5.Nf3 d5 6.O-O Ne4 7.Qc2 Nc6 8.Nc3 Bf6 
9.cxd5 exd5 10.Qb3 Nxc3 11.Qxc3 Qe7 12.Be3 Be6 13.Rac1 O-O 14.a3 Rfc8 15.
Ne5 Nd8 16.h4 Nf7 17.Nxf7 Qxf7 18.Qd2 Be7 19.Bf4 c6 20.Bf3 h6 21.Kg2 Bf6 
22.Rfd1 Qe7 23.h5 Bg5 24.e3 Bf6 25.Rc2 Qd7 26.Rdc1 Be7 27.Rc3 a5 28.R3c2 
a4 29.Rh1 Qd8 1/2-1/2